000 01447nam a2200457 i 4500
001 5355
003 KOSZ 005
005 20190725141232.0
008 970513s1992 pl a f |000 0 pol
015 _aPB 1992/10219
020 _a8301109661
035 _a991001532069705066
035 _a(PL-WaBN)b10437812-48omnis_nlop
035 _ab10437812
035 _a(OCoLC)749405300
035 _a(PL)b0000001043781
035 _a(EXLNZ-48OMNIS_NETWORK)9910268418805606
040 _aWA N
_cWA N
_dKOSZ 005/EG
041 _apol
046 _k1992
080 _a159.9
245 1 0 _aPsychologia i poznanie /
_cpod red. Marii Materskiej i Tadeusza Tyszki.
260 _aWarszawa :
_bWydaw. Naukowe PWN,
_c1992.
300 _a310 s. :
_brys., wykr. ;
_c24 cm.
336 _2rdacontent
_aTekst
_btxt
337 _2rdamedia
_aBez urządzenia pośredniczącego
_bn
338 _2rdacarrier
_aWolumin
_bnc
380 _aKsiążki
380 _aPublikacje fachowe
388 _a1901-2000
388 _a1989-2000
504 _aBibliogr. przy rozdz.
650 7 _aPoznanie
_2DBN
658 _aPsychologia
700 1 _aMaterska, Maria
_d(1942- )
_eRedakcja
700 1 _aTyszka, Tadeusz
_d(1939- )
_eRedakcja
710 2 _aWydawnictwo Naukowe PWN
_4pbl
856 _uhttp://koha.tu.koszalin.pl/cgi-bin/koha/opac-detail.pl?biblionumber=5355
_yKatalog online BPK
942 _2UKD
_cKS
999 _c5355
_d5355